000 00317nam a22001337a 4500
008 170524b xxu||||| |||| 00| 0 eng d
020 _a0063642069
041 _aeng
080 _23RD
_a62
100 _a26
101 _aIM
245 _aELECTROMAGNETIC AND ELECTROMECHANICAL MACHINES
_cMATSCH,L.W
942 _2udc
_cBK
999 _c13961
_d13961